000 00633 a2200193 4500
999 _c30302
_d30302
003 NUST
005 20180118165419.0
008 180118b xxu||||| |||| 00| 0 eng d
020 _a3642052207
020 _a9783642052200
082 _a515.352
100 1 _aHairer, Ernst.
_98610
245 1 0 _aSolving ordinary differential equations ii :
_bstiff and differential-algebraic problems /
_cErnst Hairer, Gerhard Wanner.
250 _a2nd Revised ed.
260 _a[S.l.] :
_bSpringer,
_c2010.
300 _a614 p. ;
_c24 cm.
490 1 _aSpringer series in computational mathematics.
700 1 _aWanner, Gerhard.
_98612
830 0 _aSpringer series in computational mathematics.
_98613
942 _aSNS
_cBK
_k515.352 HAI
_2ddc